| 000 | 01400nam a22003497a 4500 | ||
|---|---|---|---|
| 003 | CHAP | ||
| 005 | 20220329141000.0 | ||
| 008 | 971013s1964 ve r 00010 spa | ||
| 010 | _a60895 | ||
| 011 | _a61867 | ||
| 035 | _a66035 | ||
| 040 | _cCHAP | ||
| 082 | 0 | 4 |
_a635.21016 _bM6 |
| 100 | 0 | 0 |
_aMontaldo, Alvaro. _977707 |
| 245 | 1 | _aBibliografía latinoamericana sobre papas | |
| 260 |
_aMaracay : _bUniv. Central de Venezuela. Fac. de Agronomía, _c1964 |
||
| 300 | _a269 p. | ||
| 490 |
_aRevista de la Facultad de Agronomía. Alcance _v; 7 |
||
| 500 | _aSup. 1. Maracay, Univ. Central de Venezuela. Fac. de Agronomía, 1967. 269 p.-- Sup. 3. Maracay, Univ. Central de Venezuela. Fac. de Agronomía, 1972. 116 p. | ||
| 590 |
_aBATCH-UPD _b10 _c20130110 _lUCH01 _h2220 |
||
| 590 |
_aBATCH-UPD _b10 _c20130410 _lUCH01 _h1519 |
||
| 590 |
_aBATCH-UPD _b10 _c20130914 _lUCH01 _h1859 |
||
| 590 |
_aCONVERSION _b10 _c20130109 _lUCH01 _h1333 |
||
| 650 | 1 | 4 |
_aPapa _xBibliografía. _985192 |
| 830 | 0 |
_aRevista de la Facultad de Agronomía. Alcance _v; 7 _996708 |
|
| 901 | _aBK | ||
| 942 | _cLIBRO | ||
| 949 |
_a635.21016 M6 _bBC _cC _d33724000650131 _eC _fSup.3 _h31152 _i66035 _si |
||
| 949 |
_a635.21016 M6 _bBC _cC _d33724000650164 _eC _fSup.3 c.2 _h31673 _i66035 _si |
||
| 949 |
_a635.21016 M6 _bBC _cC _d33724000650206 _eC _h15975 _i66035 _si |
||
| 949 |
_a635.21016 M6 _bBC _cC _d33724000650362 _eC _fSup.1 _h14982 _i66035 _si |
||
| 999 |
_c60895 _d60895 |
||